01334nam a2200157 a 4500008004100000020001800041041000800059100002200067245007000089250006400159260003800223300002200261500007300283505079800356655002201154161215e2018 ag |||g |||| 00| 1 spa d a9789507540462 aspa1 aBach, EdwardcDr. aBach por Bach.bObras completas. Escritos florales /cEdward Bach a1a ed.bTraducción Bárbara Espeche y Eduardo H. Grecco. aBuenos Aires:bContinente;c2018. a192 p.c23x16 cm. aBach, E. (2018). Bach por Bach. (1a ed.). Buenos Aires : Continente. aLos escritos florales del Dr. Edward Bach se encontraban sólo parcialmente traducidos al castellano. Bárbara Espeche y Eduardo H. Grecco, reconocidos especialistas en las terapias florales, han encarado una nueva y completa versión de estos escritos, enmarcándolos en el pensamiento de la época y desarrollando, al mismo tiempo, un aparato de lectura del texto de Bach. Le ofrecemos al lector este libro con la certeza de que él habrá de iluminar significativamente acerca del modo como Bach concebía su práctica curativa. "Detrás de toda enfermedad subyacen nuestros miedos, nuestras ansiedades, nuestra codicia, nuestras simpatías y antipatías; investiguemos estas emociones y curémoslas, puesto que con ellas desaparecerán también las dolencias que padecemos". aTerapias florales